[Event "Mechanics' SummerTNM; 30/90, SD/30"]
[Site "San Francisco"]
[Date "2014.06.10"]
[Round "3.1"]
[White "Vickers, Keith"]
[Black "Manvelyan, Hayk"]
[Result "1/2-1/2"]
[WhiteElo "2200"]
[BlackElo "2349"]
[Annotator "Donaldson"]
[PlyCount "120"]
[EventDate "2014.??.??"]

1. d4 f5 2. Nc3 Nf6 3. Bg5 e6 (3... d5) 4. e4 fxe4 5. Nxe4 Be7 6. Bxf6 Bxf6 7.
Nf3 O-O (7... d5 8. Nxf6+ Qxf6 9. Bd3) 8. Bd3 Nc6 9. c3 d5 10. Nxf6+ Qxf6 11.
Qe2 Bd7 12. O-O Rae8 13. Rae1 a6 14. Ne5 (14. Qc2 g6 15. Ne5) 14... Nxe5 15.
Qxe5 Qxe5 16. Rxe5 Rc8 17. f4 g6 18. c4 c6 19. c5 $2 (19. g3 $16) 19... b6 20.
b4 bxc5 21. bxc5 Rb8 22. g3 Rb4 23. Bxa6 Ra8 (23... Rxd4) 24. Be2 Rxa2 25. Bg4
Rbb2 26. Rfe1 Rg2+ (26... Rf2) 27. Kh1 Rxh2+ 28. Kg1 Rag2+ 29. Kf1 Rf2+ 30. Kg1
Rhg2+ 31. Kh1 Rxg3 32. Bxe6+ Bxe6 33. Rxe6 Rxf4 34. Kh2 Rg5 35. Kh3 Rxd4 36.
Rxc6 Re4 37. Rb1 Rge5 38. Rd6 Kg7 39. c6 Rc4 40. Rd7+ Kh6 41. c7 Re3+ 42. Kg2
Rc2+ 43. Kf1 Rec3 44. Rb7 Kg5 (44... Rh3 $4 45. Rxh7+) (44... d4 45. Rxh7+) 45.
Rxd5+ Kf4 46. c8=Q Rxc8 47. Rxh7 Rc1+ 48. Ke2 R8c2+ 49. Rd2 g5 50. Rf7+ Kg3 51.
Rf3+ Kh4 52. Rxc2 Rxc2+ 53. Kf1 g4 54. Re3 Ra2 55. Kg1 Kg5 56. Rb3 Re2 57. Ra3
Kf4 58. Rb3 Re3 59. Rb1 Kg3 60. Ra1 Rd3 1/2-1/2

[Event "Mechanics' SummerTNM; 30/90, SD/30"]
[Site "San Francisco"]
[Date "2014.05.27"]
[Round "1.6"]
[White "Vickers, Keith"]
[Black "Morgan, Jerry"]
[Result "1-0"]
[WhiteElo "2200"]
[BlackElo "1598"]
[PlyCount "49"]
[EventDate "2014.??.??"]

1. d4 d5 2. Nf3 Nf6 3. Bf4 c6 4. c3 Bg4 5. Nbd2 Nbd7 6. h3 Bf5 7. g4 Be4 8. Bg2
e6 9. Nxe4 Nxe4 10. e3 Be7 11. Nd2 Nd6 12. Qc2 Bh4 $4 13. Bxd6 Qa5 14. Nf3 Bf6
15. b4 Qd8 16. Bg3 Nb6 17. O-O Nc4 18. Nd2 Na3 19. Qb3 Nb5 20. a4 Nd6 21. e4
dxe4 22. Nxe4 Nxe4 23. Bxe4 O-O 24. b5 Qb6 25. a5 1-0

[Event "Mechanics' SummerTNM; 30/90, SD/30"]
[Site "San Francisco"]
[Date "2014.07.01"]
[Round "6.3"]
[White "Vickers, Keith"]
[Black "Niemann, Hans"]
[Result "0-1"]
[WhiteElo "2200"]
[BlackElo "2097"]
[Annotator "Donaldson"]
[PlyCount "60"]
[EventDate "2014.??.??"]

1. d4 Nf6 2. Nf3 c5 3. c3 Nc6 4. Bf4 e6 5. Nbd2 d5 6. e3 Be7 7. h3 Qb6 8. Qb3
c4 9. Qc2 Bd7 10. Be2 Qa5 11. O-O b5 12. b4 Qb6 13. a4 bxa4 14. Rxa4 O-O 15.
Ra2 a5 16. Rfa1 Ra7 17. Ne5 axb4 18. Nxc6 b3 19. Nxe7+ Kh8 20. Qb2 Rxa2 21.
Rxa2 bxa2 22. Qxa2 Qb7 {Diagram #} 23. Bd6 $4 ({White had to try} 23. Qa3 Ra8
24. Qd6 {The knight on e7 is trapped but Black has no clear way to win it and
the advance e4 will offer some counterplay.}) 23... Ra8 {
Now White's queen is completely out of play.} 24. Qc2 Qa6 25. Bb4 Qa1+ 26. Bf1
Ra2 27. Qb1 Qxb1 28. Nxb1 Ne4 29. f3 Ng3 30. e4 Rb2 $4 {
After 31.Na3 White is not only back in the game he is winning.} (30... Nxf1 31.
Kxf1 Ra1 {is an easy win.}) 0-1

[Event "Mechanics' Whitehead TNM; 30/90, SD/30"]
[Site "San Francisco"]
[Date "2014.09.30"]
[Round "9.5"]
[White "Vickers, Keith"]
[Black "Steger, Eric"]
[Result "1-0"]
[WhiteElo "2200"]
[BlackElo "1931"]
[Annotator "Donaldson"]
[PlyCount "37"]
[EventDate "2014.??.??"]

1. c3 Nf6 2. Nf3 g6 3. d3 Bg7 4. e4 d6 5. Be2 O-O 6. Nbd2 c5 7. O-O Nc6 8. Re1
Rb8 9. a4 e5 10. Nc4 Re8 11. Bf1 d5 12. exd5 Nxd5 13. Bg5 f6 14. Bd2 Na5 15. d4
b6 16. Nxa5 bxa5 17. dxe5 fxe5 18. Bc4 Kh8 19. Bg5 {Resignation is warranted,
as the only move to save a piece, 19...Nf6, is met by 20.Qxd8 Rxd8 21.Nxe5.}
1-0

[Event "Mechanics' Whitehead TNM; 30/90, SD/30"]
[Site "San Francisco"]
[Date "2014.09.16"]
[Round "7.3"]
[White "Vickers, Keith"]
[Black "Walder, Michael"]
[Result "1/2-1/2"]
[WhiteElo "2200"]
[BlackElo "2134"]
[PlyCount "108"]
[EventDate "2014.??.??"]

1. d4 Nf6 2. Nf3 c5 3. e3 g6 4. Be2 Bg7 5. O-O d5 6. Nbd2 Nbd7 7. c4 O-O 8. b3
b6 9. Bb2 Bb7 10. Rc1 Ne4 11. Nxe4 dxe4 12. Nd2 cxd4 13. Bxd4 e5 14. Bc3 f5 15.
Qc2 Nc5 16. Rcd1 Qg5 17. Bb4 f4 18. f3 exf3 19. Bxf3 Bxf3 20. Nxf3 Qf5 21. Qxf5
Rxf5 22. Bxc5 bxc5 23. e4 Rf7 24. Rd5 Rc7 25. Rfd1 Re8 26. Rd8 Kf8 27. Rxe8+
Kxe8 28. Rd5 Rc6 29. Kf1 Ra6 30. Rxc5 Rxa2 31. Rb5 h6 32. Nxe5 Bxe5 33. Rxe5+
Kd7 34. Rd5+ Ke6 35. c5 Rb2 36. Rd6+ Ke5 37. Rxg6 Rxb3 38. Rxh6 Kxe4 39. Re6+
Kd5 40. Ra6 Kxc5 41. Rxa7 Kd6 42. Rf7 Ke5 43. h4 Ke4 44. Kg1 Ra3 45. Kh2 Rb3
46. Rf8 Ra3 47. h5 Ra5 48. Rh8 Kf5 49. h6 Kg6 50. Kh3 Ra1 51. Kg4 Ra5 52. Rf8
Kxh6 53. Rxf4 Ra2 54. g3 Kg6 1/2-1/2

[Event "Mechanics' Spring TNM; 30/90, SD/30"]
[Site "San Francisco"]
[Date "2014.04.22"]
[Round "6.33"]
[White "Voorhees, Cory"]
[Black "Gandhi, Sid"]
[Result "0-1"]
[WhiteElo "1476"]
[BlackElo "1203"]
[PlyCount "72"]
[EventDate "2014.??.??"]

1. e4 c5 2. Nf3 Nc6 3. Bb5 e6 4. O-O a6 5. Bxc6 dxc6 6. Re1 Qc7 7. c3 Nf6 8. e5
Nd7 9. d4 b5 10. Nbd2 cxd4 11. cxd4 Bb4 12. a3 Ba5 13. b4 Bb6 14. Ne4 O-O 15.
Nfg5 a5 16. Nxh7 Rd8 17. Qh5 Bxd4 18. Nhg5 Nf8 19. Ra2 Bxe5 20. Nc5 axb4 21.
Rxe5 f6 22. Ngxe6 Bxe6 23. Nxe6 Nxe6 24. Rxe6 Qd7 25. Re1 Re8 26. Rae2 Rxe2 27.
Qxe2 bxa3 28. Qa2+ Qf7 29. Qxf7+ Kxf7 30. Kf1 b4 31. Ke2 Re8+ 32. Kd1 Rxe1+ 33.
Kxe1 Ke6 34. Ke2 Kd5 35. Bxa3 bxa3 36. Kd3 a2 0-1

[Event "Mechanics' Spring TNM; 30/90, SD/30"]
[Site "San Francisco"]
[Date "2014.04.01"]
[Round "3.24"]
[White "Voorhees, Cory"]
[Black "Yamamoto, Craig"]
[Result "1/2-1/2"]
[WhiteElo "1476"]
[BlackElo "1500"]
[Annotator "Donaldson"]
[PlyCount "43"]
[EventDate "2014.??.??"]

1. e4 Nf6 2. e5 Nd5 3. d4 d6 4. c4 Nb6 5. Nf3 Nc6 6. Nc3 g6 7. Bd3 Bg7 8. O-O
dxe5 9. dxe5 O-O 10. Re1 Bg4 11. Bf4 Nd7 12. h3 Bxf3 13. Qxf3 Ndxe5 14. Bxe5
Nxe5 15. Qg3 Qxd3 16. Re3 Qf5 17. Nd5 Nc6 18. Rxe7 Qxd5 19. cxd5 Nxe7 20. Qxc7
Nxd5 21. Qxb7 Nb6 22. Rb1 {Black is winning and should have continued playing.}
1/2-1/2

[Event "Mechanics' Whitehead TNM; 30/90, SD/30"]
[Site "San Francisco"]
[Date "2014.09.30"]
[Round "9.6"]
[White "Walder, Michael"]
[Black "Gerwin, Gene"]
[Result "1-0"]
[WhiteElo "2134"]
[BlackElo "1906"]
[Annotator "Donaldson"]
[PlyCount "55"]
[EventDate "2014.??.??"]

1. e4 d6 2. d4 e5 (2... Nf6 3. Nc3 e5 {
is the modern way to enter the Philidor as} 4. dxe5 dxe5 5. Qxd8+ Kxd8 {
is considered only a tiny bit better for White.}) 3. Nf3 Bg4 $2 {This has been
known to be bad since the famous consultation game Morphy versus the Duke of
Brunswick and Count Isouard, played in 1858 at the Italian Opera House in
Paris.} 4. dxe5 Bxf3 5. Qxf3 dxe5 6. Bc4 Nf6 $2 (6... Qf6 7. Qb3 {
with a clear advantage for White was relatively better.}) 7. Qb3 {
Black has no good answer to this double attack.} Bd6 8. Bxf7+ Kf8 9. Qxb7 Nbd7
10. Bd5 Rb8 11. Qa6 Bb4+ 12. c3 Bd6 13. O-O Nxd5 14. exd5 e4 15. Qe2 Qe8 16. f3
Bc5+ 17. Kh1 e3 18. b4 Bb6 19. Na3 Nf6 20. Rd1 Rd8 21. c4 a5 22. bxa5 Bc5 23.
Nb5 Qe5 24. Bb2 Qe7 25. Nd4 Nh5 26. a3 Bd6 27. Ne6+ Kg8 28. f4 1-0

[Event "Mechanics' Whitehead TNM; 30/90, SD/30"]
[Site "San Francisco"]
[Date "2014.08.19"]
[Round "3.5"]
[White "Walder, Michael"]
[Black "Jaffray, John"]
[Result "0-1"]
[WhiteElo "2134"]
[BlackElo "1997"]
[Annotator "Donaldson"]
[PlyCount "60"]
[EventDate "2014.??.??"]

1. d4 Nf6 2. c4 e6 3. Nf3 Bb4+ 4. Nbd2 O-O 5. a3 Be7 6. e4 d5 7. e5 Ne8 8. Bd3
c6 9. Qc2 g6 10. h4 Ng7 11. g4 f5 12. exf6 Bxf6 13. c5 $2 {Diagram #} (13. h5
e5 14. dxe5 Bxe5 15. hxg6 $18) 13... e5 $1 14. Nxe5 Bxe5 15. dxe5 Bxg4 $19 16.
Nf1 Bf3 17. Rh3 Qe7 18. Rxf3 Rxf3 19. Qe2 Rxd3 20. Qxd3 Qxe5+ 21. Be3 Nd7 22.
O-O-O Nf5 23. Qc2 Re8 24. Bg5 Nd4 25. Qd3 Ne6 26. f4 Nxf4 27. Qd2 Ne2+ 28. Kb1
Qe4+ 29. Ka1 Nxc5 30. Re1 Nb3+ 0-1

[Event "Mechanics' Whitehead TNM; 30/90, SD/30"]
[Site "San Francisco"]
[Date "2014.09.09"]
[Round "6.8"]
[White "Walder, Michael"]
[Black "Krasnov, Steven"]
[Result "1-0"]
[WhiteElo "2134"]
[BlackElo "2002"]
[PlyCount "67"]
[EventDate "2014.??.??"]

1. e4 c5 2. Nf3 e6 3. d4 cxd4 4. Nxd4 a6 5. Bd3 Nc6 6. Nxc6 bxc6 7. O-O d5 8.
c4 Nf6 9. cxd5 cxd5 10. Nc3 Bb7 11. Qa4+ Qd7 12. Qxd7+ Kxd7 13. exd5 Nxd5 14.
Be4 Bd6 15. Nxd5 exd5 16. Bf3 Rhe8 17. Be3 Be5 18. Rfd1 Ke6 19. Rd2 Red8 20.
Bb6 Rd7 21. Re1 Kf6 22. Bg4 Re7 23. Rde2 Rae8 24. Bc5 Rc7 25. b4 Kg5 26. Bh3 f6
{Diagram #} 27. f4+ $1 Kxf4 28. Be3+ Ke4 29. Bb6+ Kd3 30. Bf5+ Kc4 31. Bxc7
Bd4+ 32. Kf1 Rxe2 33. Kxe2 Bc3 34. Bd3+ 1-0

[Event "Mechanics' Fall TNM; 30/90, SD/30"]
[Site "San Francisco"]
[Date "2014.10.28"]
[Round "2.11"]
[White "Walder, Michael"]
[Black "Lkhagvasuren, Zolboo"]
[Result "1-0"]
[WhiteElo "2130"]
[BlackElo "1854"]
[PlyCount "66"]
[EventDate "2014.??.??"]

1. g3 d5 2. Bg2 Nf6 3. Nf3 g6 4. O-O Bg7 5. d3 O-O 6. a3 c5 7. Nc3 b6 8. Rb1
Nbd7 9. e4 d4 10. Ne2 e5 11. Nd2 b5 12. b4 Rb8 13. bxc5 Nxc5 14. Nc4 Qc7 15.
Nxe5 Bg4 16. Nxg4 Nxg4 17. Bf4 Ne5 18. Nxd4 Qd7 19. Ne2 Ne6 20. Bd2 Nc6 21. Nc3
Ned4 22. Nd5 a6 23. c3 Ne6 24. d4 Na5 25. Nb4 Nc7 26. Bf4 Ra8 27. e5 Rab8 28.
e6 fxe6 29. Bxc7 Qxc7 30. Nxa6 Qxc3 31. Nxb8 Rxb8 32. d5 Rd8 33. Rxb5 Qxa3 1-0

[Event "Mechanics' Fall TNM; 30/90, SD/30"]
[Site "San Francisco"]
[Date "2014.11.18"]
[Round "4.12"]
[White "Walder, Michael"]
[Black "Newey, Richard"]
[Result "1-0"]
[WhiteElo "2130"]
[BlackElo "1747"]
[Annotator "Donaldson"]
[PlyCount "85"]
[EventDate "2014.??.??"]

1. e4 e5 2. Nf3 Nc6 3. Bb5 a6 4. Ba4 d6 5. Bxc6+ bxc6 6. d4 Bg4 7. Be3 (7. dxe5
dxe5 8. Qxd8+ Rxd8 9. Be3 $14) 7... Qf6 8. Nbd2 exd4 9. Bxd4 Qxd4 10. Nxd4 Bxd1
11. Rxd1 $11 c5 12. Nf5 g6 13. Ne3 Bg7 14. Ndc4 O-O-O 15. O-O Ne7 16. Nd5 Nc6
17. c3 Rhe8 18. Rfe1 Re6 19. f3 Rde8 20. Kf2 g5 $6 {weakening f5.} (20... Ne5
$11) 21. g3 Rh6 22. Kg2 Rhe6 23. Nce3 Ne5 24. Nf5 Bf8 25. h3 Ng6 26. Re2 Ne7 $4
(26... h5) 27. Ndxe7+ Bxe7 28. Ng7 Bf8 29. Nxe8 Rxe8 30. Rd5 h6 31. Rf5 Re7 32.
f4 gxf4 33. gxf4 Kd7 34. Kf3 Ke6 35. Rg2 f6 36. Rg6 Rf7 37. Kg4 Ke7 38. h4 Bg7
39. b4 c4 40. Kf3 Ke6 41. Ra5 c5 42. bxc5 Ra7 43. f5+ 1-0

[Event "Mechanics' Fall TNM; 30/90, SD/30"]
[Site "San Francisco"]
[Date "2014.12.09"]
[Round "7.9"]
[White "Walder, Michael"]
[Black "Steger, Eric"]
[Result "1-0"]
[WhiteElo "2130"]
[BlackElo "1989"]
[PlyCount "105"]
[EventDate "2014.??.??"]

1. d4 Nf6 2. Nf3 g6 3. c4 Bg7 4. Nc3 O-O 5. e4 d6 6. Be2 e5 7. O-O Nc6 8. d5
Ne7 9. b4 a5 10. bxa5 Rxa5 11. a4 Nd7 12. Ba3 b6 13. Bb4 Ra8 14. a5 bxa5 15.
Rxa5 Rxa5 16. Bxa5 Nc5 17. Nd2 Bd7 18. Nb5 Bxb5 19. cxb5 f5 20. f3 Bh6 21. Nc4
Nc8 22. Qc2 fxe4 23. fxe4 Rxf1+ 24. Bxf1 Nb6 25. Bxb6 cxb6 26. g3 Qc7 27. Bh3
Nd7 28. Be6+ Kg7 29. Bxd7 Qxd7 30. Qb3 Qc7 31. Qb4 Bg5 32. Kf2 Be7 33. Ke3 Kf7
34. Kd3 Ke8 35. Qa3 Bf8 36. Qa8+ Ke7 37. Qc6 Kd8 38. Qxb6 Qxb6 39. Nxb6 Kc7 40.
Nc4 Be7 41. Kc3 h5 42. Kb4 Kb7 43. Ka5 g5 44. h3 g4 45. hxg4 hxg4 46. Ne3 Bg5
47. Nxg4 Bd2+ 48. Ka4 Be1 49. Nf6 Bxg3 50. Ne8 Be1 51. Nxd6+ Kc7 52. Nc4 Bc3
53. b6+ 1-0

[Event "Mechanics' Fall TNM; 30/90, SD/30"]
[Site "San Francisco"]
[Date "2014.11.25"]
[Round "5.5"]
[White "Walder, Michael"]
[Black "Winslow, Elliott"]
[Result "1-0"]
[WhiteElo "2130"]
[BlackElo "2262"]
[Annotator "Donaldson"]
[PlyCount "75"]
[EventDate "2014.??.??"]

1. c4 g6 2. Nc3 Bg7 3. g3 d6 4. Bg2 f5 5. Nf3 Nf6 6. O-O e5 7. d3 O-O 8. Rb1 h6
9. Ne1 Nc6 10. b4 g5 11. f4 exf4 12. gxf4 Ng4 13. Nd5 Re8 14. b5 Nd4 15. e3 c6
(15... Ne6 16. h3 Nf6 17. fxg5 Nxg5 18. Nxf6+ Qxf6 19. Qh5 $16 {Houdini 4}) 16.
bxc6 bxc6 17. h3 $1 $18 cxd5 18. Bxd5+ Be6 19. Bxa8 Qxa8 20. hxg4 Nc6 21. gxf5
Bxf5 22. fxg5 Bh3 23. Rf2 Ne5 24. gxh6 Bg4 25. Qb3 Bxh6 26. c5+ Be6 27. Qb7 Qd8
28. Rg2+ Kh8 29. d4 Qh4 30. Bd2 Nc4 31. Nf3 Qf6 32. Re1 Rf8 33. Qe4 Nxd2 34.
Nxd2 Bf5 35. Qd5 Qh4 36. Nf3 Qh3 37. Qxd6 Bg4 38. Qxf8+ 1-0

[Event "Mechanics' Whitehead TNM; 30/90, SD/30"]
[Site "San Francisco"]
[Date "2014.08.05"]
[Round "1.8"]
[White "Walder, Michael S"]
[Black "Oyuntseren, Togtokh"]
[Result "1-0"]
[WhiteElo "2134"]
[BlackElo "1561"]
[Annotator "Winslow,Elliott C"]
[PlyCount "57"]
[EventDate "2014.??.??"]

1. c4 Nf6 2. Nc3 c6 3. e4 d5 4. exd5 cxd5 5. d4 Nc6 6. Nf3 Bg4 7. cxd5 Nxd5 8.
Qb3 Nxc3 $2 (8... Bxf3 9. gxf3 e6 (9... Nb6 10. Be3 (10. d5 Nd4 11. Qd1 e5 12.
dxe6 (12. Be3 $5) 12... fxe6 (12... Bc5 $5)) 10... e6 11. O-O-O (11. Rg1)) 10.
Qxb7 Nxd4 11. Bb5+ Nxb5 12. Qc6+ Ke7 13. Qxb5 Qd7 14. Nxd5+ Qxd5 15. Qxd5 exd5)
(8... Nb6) 9. bxc3 Bxf3 10. gxf3 Qd7 11. d5 (11. Rb1) 11... Na5 12. Qb4 (12.
Qb5 $1 $16 {according to Stockfish 5 (acc. to Mike)}) 12... Qxd5 $11 13. Be3 (
13. Qb5+ $11) 13... e6 $15 14. Qa4+ Nc6 15. Rd1 Qa5 16. Qb3 Qc7 $17 17. Rg1 Bd6
$2 (17... g6) 18. Rxg7 O-O-O 19. Bc4 (19. Bh3) 19... Rd7 $2 {Diagram [#]} (
19... Rhe8) 20. Rxf7 $1 Rxf7 21. Bxe6+ Kb8 22. Bxf7 Bxh2 23. Bd5 Re8 24. Kf1
Bd6 25. Rb1 h5 $2 {Diagram [#]} 26. Bxa7+ $1 Kxa7 27. Qa4+ Qa5 28. Rxb7+ Ka6
29. Qxc6+ 1-0

[Event "Mechanics' Whitehead TNM; 30/90, SD/30"]
[Site "San Francisco"]
[Date "2014.08.26"]
[Round "4.11"]
[White "Wang, Yuan"]
[Black "Askin, David"]
[Result "1-0"]
[WhiteElo "1850"]
[BlackElo "2007"]
[PlyCount "57"]
[EventDate "2014.??.??"]

1. e4 c6 2. d4 d5 3. Nc3 dxe4 4. Nxe4 Bf5 5. Ng3 Bg6 6. h4 h6 7. Nf3 Nd7 8. h5
Bh7 9. Bd3 Bxd3 10. Qxd3 e6 11. Bd2 Ngf6 12. O-O-O Be7 13. Ne4 Nxe4 14. Qxe4
Nf6 15. Qe2 Qd5 16. Kb1 Qe4 17. Be3 b5 18. Ne5 Bd6 19. f3 Qd5 20. Bf4 a5 21. g4
a4 22. g5 hxg5 23. Bxg5 Rxh5 24. Bxf6 Rxh1 25. Rxh1 gxf6 26. Rh8+ Bf8 27. Ng4
Qxd4 28. c3 Qf4 29. Qe4 {the score now reads 29...Qxe4+ 30.Nxf6+ illegal move!
The following reconstruction is how the game went.} (29. Ka1 Qf5 30. Qe4 Qxe4
31. Nxf6+ Ke7 32. Nxe4 Rb8 33. Kb1 Rd8 34. Kc2 Rd5 35. b3 axb3+ 36. axb3 Rf5
37. Rh3 Bg7 38. c4 b4 39. Kd3 Ra5 40. Rh7 Bf6 41. c5 Be5 42. Kc4 Bf4 43. Kxb4
Rb5+ 44. Kc4 Be3 45. b4 Bf4 46. Rh8 f5 47. Nc3 Rb7 48. Rh7+) 1-0

[Event "Mechanics' Fall TNM; 30/90, SD/30"]
[Site "San Francisco"]
[Date "2014.11.04"]
[Round "3.3"]
[White "Wang, Yuan"]
[Black "Byambaa, Uyanga"]
[Result "0-1"]
[WhiteElo "2033"]
[BlackElo "2205"]
[Annotator "Donaldson"]
[PlyCount "50"]
[EventDate "2014.??.??"]

1. e4 c5 2. Nc3 d6 3. f4 Nc6 4. Nf3 g6 5. Bc4 Bg7 6. O-O e6 7. d3 Nge7 8. Qe1
O-O 9. Qh4 (9. f5 {is more popular.}) 9... d5 10. Bb3 Nd4 11. Ne5 $6 (11. f5 {
and}) (11. Nxd4 {are the main choices here.}) 11... b5 12. a4 $2 (12. exd5 exd5
13. Qf2 {is not very impressive but the text loses on the spot.}) 12... c4 $1
13. Be3 Nxb3 14. cxb3 d4 15. Nxb5 dxe3 16. bxc4 f6 17. Ng4 Qxd3 18. e5 Nf5 19.
Qh3 fxe5 20. Nxe5 Bxe5 21. fxe5 a6 22. Nd6 Qd4 23. Rad1 Qxe5 24. Nxf5 exf5 25.
Qf3 Be6 0-1

[Event "Mechanics' Whitehead TNM; 30/90, SD/30"]
[Site "San Francisco"]
[Date "2014.09.16"]
[Round "7.18"]
[White "Wang, Yuan"]
[Black "Casares, Nick"]
[Result "1-0"]
[WhiteElo "1850"]
[BlackElo "1600"]
[PlyCount "75"]
[EventDate "2014.??.??"]

1. e4 e5 2. Nf3 Nc6 3. Bb5 a6 4. Ba4 Nf6 5. O-O b5 6. Bb3 Be7 7. Re1 O-O 8. c3
d5 9. exd5 Nxd5 10. Nxe5 Nxe5 11. Rxe5 c6 12. d4 Bd6 13. Re1 Qh4 14. g3 Qh3 15.
Be3 Bg4 16. Qd3 Qh5 17. Nd2 Bh3 18. Bd1 Qg6 19. Qxg6 fxg6 20. Bf3 Rae8 21. Bg2
Bd7 22. a4 h6 23. axb5 axb5 24. Ra6 Nxe3 25. Rxe3 Ra8 26. Rxa8 Rxa8 27. h4 Ra2
28. Ne4 Bf8 29. b4 Kh7 30. Nc5 Ra1+ 31. Kh2 Bxc5 32. bxc5 Rc1 33. Re7 Bg4 34.
Bxc6 Rxc3 35. Bxb5 Bf3 36. Re3 Rxe3 37. fxe3 Bd5 38. c6 1-0

[Event "Mechanics' Whitehead TNM; 30/90, SD/30"]
[Site "San Francisco"]
[Date "2014.09.23"]
[Round "8.7"]
[White "Wang, Yuan"]
[Black "Klinetobe, David"]
[Result "1-0"]
[WhiteElo "1851"]
[BlackElo "2017"]
[Annotator "Donaldson"]
[PlyCount "63"]
[EventDate "2014.??.??"]

1. e4 e6 2. d4 d5 3. Nc3 Bb4 4. e5 c5 5. a3 Bxc3+ 6. bxc3 Ne7 7. Qg4 Qc7 8.
Qxg7 Rg8 9. Qxh7 cxd4 10. Ne2 dxc3 11. f4 Nbc6 12. Qd3 d4 13. h4 Bd7 14. h5
O-O-O 15. h6 Rg6 $6 (15... Be8 {and}) (15... Kb8 {are more commonly played
here. It's better to use this rook to block the h-pawn.}) 16. Ng3 (16. h7 $1
Rh8 17. Nxd4 Nxd4 18. Qxd4 {is better.}) 16... Nxe5 $5 {This piece sacrifice
leads to difficult play that while not necessarily correct offers excellent
practical chances.} 17. fxe5 Qxe5+ 18. Ne2 Bb5 19. Bf4 Qc5 20. Qe4 Nc6 21. h7 (
{The prophylactic} 21. Rh3 {was indicated with the point that.} f5 22. Qf3 e5 {
can be met by} 23. Qh5) 21... Rh8 22. Rd1 (22. Rh6 Rxh6 23. Bxh6 Qh5 {
picks up the h-pawn.}) 22... f5 23. Qf3 Rg7 24. Qh5 Qe7 (24... Bxe2 25. Qxe2 (
25. Bxe2 Qe7) 25... e5 26. Qb5 Qxb5 27. Bxb5 exf4 28. Bxc6 bxc6 29. Rxd4 Rgxh7
$11) 25. Qf3 (25. Nxd4 Nxd4 26. Rxd4 Rgxh7 27. Qxh7 Rxh7 28. Rxh7 Qxh7 29. Bxb5
$14) 25... Rhxh7 $4 (25... e5 {and all three results are possible.}) 26. Rxh7
Rxh7 27. Nxd4 Nxd4 28. Qxc3+ Bc6 29. Qxd4 Rh4 30. Qe5 Bd5 31. Qb8+ Kd7 32. Bb5#
1-0

[Event "Mechanics' SummerTNM; 30/90, SD/30"]
[Site "San Francisco"]
[Date "2014.07.15"]
[Round "8.9"]
[White "Wang, Yuan"]
[Black "Manvelyan, Hovik"]
[Result "0-1"]
[WhiteElo "1887"]
[BlackElo "2026"]
[PlyCount "100"]
[EventDate "2014.??.??"]

1. e4 c5 2. Nc3 Nc6 3. f4 d6 4. Nf3 g6 5. Bb5 Bd7 6. O-O Bg7 7. d3 e6 8. Qe1
Nge7 9. Bc4 Na5 10. f5 Nxc4 11. dxc4 gxf5 12. Qg3 Bxc3 13. bxc3 Bc6 14. Ng5 h6
15. Qh3 Qd7 16. Bd2 Ng6 17. Nxf7 Qxf7 18. exf5 Ne5 19. Rae1 Bxg2 20. Kxg2 Rg8+
21. Kh1 b6 22. Rg1 Qb7+ 23. Rg2 exf5 24. Kg1 Qxg2+ 25. Qxg2 Rxg2+ 26. Kxg2 Kf7
27. Bxh6 Rg8+ 28. Kf1 Rg4 29. Re2 Rxc4 30. Rd2 Ke6 31. Bf8 d5 32. Re2 Re4 33.
Bg7 Ng4 34. h3 Ne3+ 35. Kf2 f4 36. Bh6 Nd1+ 37. Kf3 Rxe2 38. Kxe2 Nxc3+ 39. Kd3
f3 40. Ke3 f2 41. Kxf2 Nxa2 42. Bf4 Nb4 43. Bb8 Nc6 44. Bf4 Kf5 45. Bc1 a5 46.
c3 a4 47. Ke2 Na5 48. Kd3 Nb3 49. Ba3 Kg5 50. c4 d4 0-1

[Event "Mechanics' SummerTNM; 30/90, SD/30"]
[Site "San Francisco"]
[Date "2014.06.24"]
[Round "5.24"]
[White "Wang, Yuan"]
[Black "McKellar, Daniel"]
[Result "1-0"]
[WhiteElo "1887"]
[BlackElo "1529"]
[Annotator "Winslow,Elliott C"]
[PlyCount "93"]
[EventDate "2014.??.??"]

1. e4 e6 2. d4 d5 3. Nc3 Nf6 4. e5 Nfd7 5. f4 c5 6. Nf3 Nc6 7. Be3 Qb6 8. Na4
Qa5+ 9. c3 cxd4 10. b4 Nxb4 11. cxb4 Bxb4+ 12. Bd2 Bxd2+ 13. Nxd2 b5 (13... b6)
(13... g5 $5) (13... O-O $5) 14. Nb2 Nc5 15. a4 (15. Bd3) 15... bxa4 16. Nxa4
Ne4 17. Bd3 Bd7 $146 (17... O-O) 18. Bxe4 dxe4 19. O-O Bxa4 20. Qxa4+ Qxa4 21.
Rxa4 e3 22. Ne4 e2 23. Re1 d3 24. Rd4 Rd8 25. Nd6+ Ke7 26. Rxd3 a5 27. Rxe2 Ra8
28. Ra3 Ra6 29. Rea2 Rha8 30. Nb7 f6 31. Rxa5 Rxa5 32. Rxa5 Rc8 33. Nc5 Rc7 34.
Kf2 fxe5 35. fxe5 g5 36. Rb5 Rc6 37. Ke3 Kf7 38. Kd4 h6 39. Kc4 Kg6 40. g4 Kf7
41. Rb7+ Kg6 42. Kb5 Rc8 43. Nxe6 Rg8 44. Kc6 h5 45. Rg7+ Rxg7 46. Nxg7 Kxg7
47. gxh5 1-0

[Event "Mechanics' SummerTNM; 30/90, SD/30"]
[Site "San Francisco"]
[Date "2014.07.01"]
[Round "6.24"]
[White "Wang, Yuan"]
[Black "Robertson, Guy"]
[Result "1-0"]
[WhiteElo "1887"]
[BlackElo "1524"]
[PlyCount "43"]
[EventDate "2014.??.??"]

1. e4 e6 2. d4 b6 3. Bd3 Bb7 4. f4 c5 5. c3 cxd4 6. cxd4 Bb4+ 7. Bd2 Qe7 8. Nc3
Nf6 9. Qe2 O-O 10. Nf3 a5 11. O-O d6 12. e5 $1 dxe5 13. fxe5 Nd5 {Diagram #}
14. Bxh7+ Kxh7 15. Ng5+ Qxg5 16. Bxg5 Bxc3 17. bxc3 g6 18. Qd3 Nc6 19. Qh3+ Kg8
20. Bf6 Nxf6 21. exf6 Rfd8 22. Qh6 1-0

[Event "Mechanics' Fall TNM; 30/90, SD/30"]
[Site "San Francisco"]
[Date "2014.10.21"]
[Round "1.14"]
[White "Wang, Yuan"]
[Black "Ross, David Yaguda"]
[Result "1-0"]
[WhiteElo "2033"]
[BlackElo "1511"]
[PlyCount "91"]
[EventDate "2014.??.??"]

1. e4 d6 2. f4 Nf6 3. Nc3 g6 4. Nf3 Bg7 5. d4 c5 6. e5 Nfd7 7. Bc4 O-O 8. e6
fxe6 9. Bxe6+ Kh8 10. Ng5 cxd4 11. Ne2 Qe8 12. Nxd4 Nc6 13. Nb5 Qd8 14. c3 a6
15. Nd4 Nxd4 16. cxd4 Qb6 17. Be3 Qb4+ 18. Qd2 Qxd2+ 19. Kxd2 h6 20. Nf3 Nf6
21. Bb3 Kh7 22. Rac1 Bd7 23. Rc7 b5 24. Rhc1 Rfc8 25. h3 Rxc7 26. Rxc7 Rc8 27.
Ra7 Ne4+ 28. Kd1 Bc6 29. Rxa6 Ng3 30. d5 Be8 31. Nd4 Nf5 32. Nxf5 gxf5 33. Ra7
Bh5+ 34. Kd2 Bxb2 35. Rxe7+ Kg8 36. Re6 Bc3+ 37. Kd3 Bb4 38. Bd2 Bc5 39. Rxh6
Bf7 40. Bc3 Kf8 41. Rh8+ Bg8 42. Rh5 Ke7 43. Rg5 Be3 44. Kxe3 Rxc3+ 45. Kd4 b4
46. Rxg8 1-0